Statistics for Nejmluvenější jazyky světa

Click here to take the quiz!

General Stats

  • This quiz has been taken 131 times
  • The average score is 13 of 52

Answer Stats

PočetJazyk% Correct
379 mAngličtina
100%
480 mŠpanělština
96%
154 mRuština
92%
90.2 mNěmčina
90%
77.2 mFrancouzština
88%
221 mPortugalština
80%
128 mJaponština
76%
64.8 mItalština
73%
> 275 mArabština
61%
39.7 mPolština
58%
77.3 mKorejština
57%
918 mStandardní čínština (mandarínština)
56%
27.3 mUkrajinština
53%
76.0 mVietnamština
50%
341 mHindština
39%
79.4 mTurečtina
38%
24.3 mRumunština
33%
> 59 mIndonéština/Malajština
30%
20.7 mThajština
29%
23.1 mNizozemština
24%
46.9 mJin (čínština)
20%
52.8 mPerština
14%
228 mBengálština
10%
75.0 mTamilština
7%
73.1 mKantonština
6%
32.9 mBarmština
5%
43.6 mKannadština
5%
68.6 mUrdština
4%
22.1 mGan (čínština)
3%
23.6 mTagalog
3%
82.0 mTelugština
3%
25.1 mUzbečtina
3%
68.3 mJavánština
2%
125 mPaňdžábština
2%
81.4 mWu
2%
21.9 mAmharština
1%
37.8 m
Jorubština
1%
48.2 mHakka (čínština)
1%
83.1 mMaráthština
1%
52.2 mBhódžpurština
0%
56.4 mGudžarátština
0%
43.9 mHauština
0%
27.0 mIgboština
0%
20.7 mMagahijština
0%
33.9 mMaithili
0%
37.1 mMalajálamština
0%
50.1 mMin Nan (čínština)
0%
31.8 mPaštština
0%
24.6 mSindhština
0%
32.4 mSundština
0%
34.5 mUrijština
0%
37.3 mXiang (čínština)
0%

Score Distribution

Percentile by Number Answered

Percent of People with Each Score

Your Score History

You have not taken this quiz